| 000 | 01192cam a2200205 4500 | ||
|---|---|---|---|
| 001 | ABS66918 | ||
| 008 | 030724n2003 000 0 eng u | ||
| 035 | _a(Sirsi) u123119 | ||
| 245 | _aChanges for the better? | ||
| 260 | _c2003 | ||
| 490 |
_aScottish Planning and Environmental Law _v(97) June 2003, 61-62(2) |
||
| 520 | _aThe conference "Planning for Scotland's future" gave various speakers the chance to express their views on issues that should be considered in drafting proposals for a planning bill. Article provides an edited version of Gordon Steele's address (chairman of the Scottish Planning, Local Government and Environment Bar Group) and presents the results of a poll on issues raised by him that show a substantial majority in favour of planning reform. The views of delegates expressed at this and other events will be drawn together and submitted in a report to the Scottish Executive later this year. [Taken partly from journal headnote]. | ||
| 590 | _aABS | ||
| 650 | _aSCOTLAND | ||
| 650 | _aPLANNING SYSTEM | ||
| 650 | _aPLANNING REFORM | ||
| 650 | _aHISTORIC SCOTLAND | ||
| 690 | _aENVIRONMENTAL AND LAND CONSULTANCY-PLANNING AND DEVELOPMENT | ||
| 942 | _n0 | ||
| 999 |
_c73108 _d73108 |
||